| 000 | 00940nam a2200277Ia 4500 | ||
|---|---|---|---|
| 001 | Para_897 | ||
| 003 | CHAP | ||
| 008 | 220125s1994 xx 000 0 und d | ||
| 010 | _a204507 | ||
| 040 | _cCHAP | ||
| 090 | _aPA TESIS 868 | ||
| 100 |
_aRuíz García, Noe _9100682 |
||
| 245 |
_aTemperatira base , grados dia de desrrollo y fenologia del Sitophilus zeamias Motnch. bajo temperaturas constantes y variables. / _cpor Noe Ruiz Garcia |
||
| 260 |
_aChapingo, Méx. : _b el autor |
||
| 300 | _a53 h. | ||
| 502 | _aTesis (Ing. Agr. Esp. en Parasitología Agrícola)UACh. Departamento Parasitología Agrícola | ||
| 650 |
_aSitophilus Zeamais Maíz _x Plagas _9170449 |
||
| 710 |
_aUACh. Departamento Parasitología Agrícola _9164025 |
||
| 901 | _aPA TESIS 868 | ||
| 902 | _aA | ||
| 905 | _a0000001994 0000000000 00 | ||
| 910 | _a1994 | ||
| 942 | _cPARA | ||
| 942 |
_cPARA _d1 |
||
| 999 |
_c204507 _d204507 |
||